000 00451nam a2200181Ia 4500
008 090124s9999 xx 000 0 und d
082 _b730
100 _aMACKWORTH CECILY
245 _aI CAME OUT OF FRANCE
250 _a1
260 _b"GEORGE ROUTLEDGE &SON, LTD"
_c1942
300 _a248
600 _aMACKWORTH CECILY
630 _aI CAME OUT OF FRANCE
700 _aMACKWORTH CECILY
730 _aI CAME OUT OF FRANCE
942 _cBOOK
999 _c81741
_d81741